000 00719nam a22002177a 4500
999 _c20269
_d20269
003 AR-CdUCM
008 190528b ||||| |||| 00| 0 spa d
040 _aMUNICIPALIDAD PROVINCIAL DEL CUSCO
_cBIBLIOTECA MUNICIPAL DEL CUSCO
082 _a574 /
_bM57
100 _aMilne, Lorus Johnson
_942359
245 _aLas montañas /
260 _aMéxico :
_bOffset multicolor,
_c1966.
300 _a192 páginas ;
_bFotografías,
_c27 cm.
505 _aContenido: La tierra y sus cumbres -- Nacimiento y muerte de montañas -- Volcanes...
650 _aGeología
_917044
650 _aMontañas
_9629
650 _aVolcanes
_922630
700 _aMilne, Margery
_942360
942 _2ddc
_cLIBROS
945 _adavv
_d2019-05-28